| 000 | 00649nam a2200217 a 4500 | ||
|---|---|---|---|
| 001 | 000009957 | ||
| 003 | OSt | ||
| 005 | 20240412074214.0 | ||
| 008 | 091002s1975 dr ac 000 p spa d | ||
| 040 |
_aDO-SdBNP _bspa _cBNPHU |
||
| 082 |
_aRD861.44 _bC334h |
||
| 100 | 1 |
_aCasals Suarez, Pedro _924905 |
|
| 245 | 1 | 0 |
_aHerencia lírica / _cPedro Casals Suarez. ; pórtico Tomas Morel |
| 260 |
_aSanto Domingo : _bEducativa Dominicana, _c1975. |
||
| 300 |
_a185 p. : _bil., retr. ; _c22 cm. |
||
| 590 | _aInventariado, 2020/ YL | ||
| 650 | 0 |
_aPoesía dominicana _966 |
|
| 650 | 0 |
_aLiteratura dominicana. _967 |
|
| 910 | _aYLockward | ||
| 942 |
_2ddc _cLBS1 |
||
| 999 |
_c9716 _d9716 |
||